000 00297nam a22001217a 4500
999 _c15380
_d15380
020 _a81-86299-78-5
082 _a664.02
_bDAS/FO
100 _aDas, H
_92070
245 _aFood processing operations analysis
260 _aNew Delhi
_bAsian Books Private Limited
_c2005
300 _a406
942 _cBK